[Event "ch-BEL"]
[Site "Eupen BEL"]
[Date "2003.07.12"]
[Round "8"]
[White "Cekro,E"]
[Black "Dgebuadze,A"]
[Result "1/2-1/2"]
[WhiteElo "2441"]
[BlackElo "2553"]

1.c4 c6 2.b3 d5 3.Bb2 Bg4 4.g3 e6 5.Bg2 Nf6 6.Nf3 Nbd7 7.O-O Bd6 8.d3 O-O
9.Qc2 Re8 10.a3 e5 11.e4 Bf8 12.Nbd2 a5 13.exd5 cxd5 14.Rfe1 Qc7 15.h3 Bh5
16.Nh4 Rac8 17.g4 Bg6 18.g5 dxc4 19.Nxg6 hxg6 20.Rac1 Nh5 21.Qxc4 Qxc4 22.Nxc4 b6
23.Rcd1 Nf4 24.Bf1 f6 25.h4 Rcd8 26.d4 e4 27.Ne3 f5 28.Bc4+ Kh7 29.Bb5 Bd6
30.Kf1 Re7 31.Nc4 Nf8 32.Nxd6 Rxd6 33.a4 Nd5 34.Ba3 Nb4 35.d5 Nd7 36.Rd4 Nc5
37.Bxb4 axb4 38.Bc6 Nxb3 39.Rxb4 Nd2+ 40.Ke2 Nf3 41.Rd1 Ne5 42.Rxb6 f4 43.a5 f3+
44.Kf1 Nc4 45.Ra1 e3 46.fxe3 Rxe3 47.Kf2 Rc3 48.Rb8 Ne5 49.a6 Nxc6 50.a7 Nxa7
51.Rxa7 Rxd5 52.Raa8 Rd2+ 53.Ke1 Re2+ 54.Kd1 Rd3+ 55.Kc1 Rc3+ 56.Kd1 Rd3+  1/2-1/2

[Event "Open"]
[Site "Ikaros GRE"]
[Date "2003.07.14"]
[Round "3"]
[White "Valden,P"]
[Black "Gogolis,A"]
[Result "0-1"]
[WhiteElo "2126"]
[BlackElo "2237"]

1.c4 c6 2.d4 d5 3.Nf3 Nf6 4.e3 Bg4 5.Qb3 Qb6 6.Nc3 Bxf3 7.gxf3 e6 8.c5 Qc7
9.f4 Nbd7 10.Qc2 b6 11.b4 a5 12.cxb6 Nxb6 13.bxa5 Rxa5 14.Bd2 Ra8 15.Bd3 Be7
16.Ke2 O-O 17.a4 Rfc8 18.a5 Nbd7 19.Na4 Qa7 20.Rhc1 g6 21.Rab1 Ba3 22.Rd1 c5
23.Qa2 Bb4 24.Bxb4 cxb4 25.a6 Rab8 26.f3 Rc6 27.Kf2 Rxa6 28.Bxa6 Qxa6 29.Qb3 Ne8
30.Nb2 Nd6 31.Rdc1 Qa5 32.Nd3 Nc4 33.Ke2 Qd8 34.Nxb4 Qh4 35.Rh1 Qh3 36.Rbg1 Qf5
37.Rc1 Qh3 38.Rcg1 Nf6 39.Qc3 Ne4 40.fxe4 Rxb4 41.Rg3 Qh5+ 42.Kd3 Rb2 43.exd5 exd5
44.Re1 Qxh2  0-1

[Event "24th Open"]
[Site "Bled SLO"]
[Date "2003.07.15"]
[Round "2"]
[White "Grom,W"]
[Black "Crepan,M"]
[Result "0-1"]
[WhiteElo "2066"]
[BlackElo "2250"]

1.c4 c6 2.Nc3 d5 3.d4 Nf6 4.Nf3 dxc4 5.a4 Bf5 6.e3 e6 7.Bxc4 Bb4 8.O-O h6
9.h3 Nbd7 10.Bd3 Bxd3 11.Qxd3 O-O 12.Rd1 a5 13.Na2 Bd6 14.Bd2 Qb8 15.b4 axb4
16.Nxb4 Rd8 17.Qc2 e5 18.Rdb1 Qc7 19.Bc3 Ra7 20.a5 Re8 21.Qb2 Ne4 22.Be1 exd4
23.exd4 Ndf6 24.Nd3 Nd5 25.Qc2 Qc8 26.Nde5 Ng5 27.Rb3 Nxf3+ 28.Nxf3 Bc7 29.Bd2 Re6
30.Rab1 Bf4 31.Qc5 Qa8  0-1

[Event "25th Politiken Cup"]
[Site "Copenhagen DEN"]
[Date "2003.07.15"]
[Round "2"]
[White "Rorvik,J"]
[Black "Rasmussen,K"]
[Result "0-1"]
[WhiteElo "2162"]
[BlackElo "2437"]

1.c4 c6 2.g3 d5 3.Bg2 Nf6 4.Qc2 e5 5.d3 Bd6 6.Nf3 O-O 7.O-O Nbd7 8.b3 Re8
9.e4 Nc5 10.Nc3 dxe4 11.dxe4 Bg4 12.Be3 Ne6 13.Rad1 Qc7 14.Ne2 Bc5 15.Bxc5 Nxc5
16.h3 Bh5 17.Nh4 a5 18.Nf5 Rad8 19.g4 Bg6 20.Neg3 Ne6 21.Rxd8 Rxd8 22.Rd1 h5
23.Nh4 Nd4 24.Qd3 hxg4 25.Nxg6 Nf3+ 26.Bxf3 Rxd3 27.Rxd3 fxg6 28.Bxg4 b5
29.Be6+ Kh7 30.c5 Qa7 31.h4 Qxc5 32.h5 Qc1+ 33.Kg2 gxh5 34.Bf5+ Kh6 35.Rd6 Qg5
36.Kf1 h4 37.Ne2 g6 38.Bh3 Nxe4 39.Rxc6 Nd2+ 40.Ke1 Nf3+  0-1

[Event "ch-GBR"]
[Site "Edinburgh SCO"]
[Date "2003.07.15"]
[Round "2"]
[White "Adams,D"]
[Black "Woodward,T"]
[Result "1/2-1/2"]
[WhiteElo "2172"]
[BlackElo "2285"]

1.c4 c6 2.d4 d5 3.cxd5 cxd5 4.Nc3 Nf6 5.Bf4 Nc6 6.e3 Bg4 7.f3 Bf5 8.e4 dxe4
9.d5 e5 10.Bg3 Nb4 11.fxe4 Bd7 12.a3 Na6 13.Bxe5 Ng4 14.Bd4 Bd6 15.Nf3 Qb8
16.Qc2 Nxh2 17.e5 Nxf3+ 18.gxf3 Bc5 19.Rxh7 Rg8 20.O-O-O Bxd4 21.Rxd4 Nc5
22.e6 fxe6 23.Nb5 Qe5 24.Rhh4 Qe1+ 25.Qd1 Qe3+ 26.Kb1 e5 27.Rd2 Bf5+ 28.Ka2 Kd7
29.Nc3 Rh8 30.Rdh2 Rxh4 31.Rxh4 Qf2 32.Rh5 Bc2 33.Bh3+ Kc7 34.d6+ Kc6 35.Qf1 Bb3+
36.Ka1 Qxf1+ 37.Bxf1 Kxd6 38.Kb1 Rf8 39.Be2 a6 40.Kc1 Rf4 41.Rg5 Ne6 42.Rg6 Kc5
43.Kd2 Kd4 44.Ne4 Bd5 45.Nc3 Rf6 46.Rg4+ Rf4 47.Rg6 Bb3 48.Ne4 Rh4 49.Nd6 Rh2
50.Nf5+ Kd5 51.Kc3 Rxe2 52.Kxb3 a5 53.Ne7+ Kd6 54.Nf5+ Kd7 55.Nxg7 Nd4+ 56.Kc3 Rc2+
57.Kd3 Rxb2 58.f4 Rb3+ 59.Ke4 exf4 60.Kxd4 Rxa3 61.Ne6 f3 62.Nc5+ Ke7 63.Rg7+  1/2-1/2

[Event "Open"]
[Site "Ikaros GRE"]
[Date "2003.07.16"]
[Round "5"]
[White "Valden,P"]
[Black "Kostouros,A"]
[Result "0-1"]
[WhiteElo "2126"]
[BlackElo "2240"]

1.c4 c6 2.e4 d5 3.cxd5 cxd5 4.exd5 Nf6 5.Nc3 Nxd5 6.Nf3 Nc6 7.d4 Bg4 8.Be2 e6
9.O-O Bb4 10.Ne4 O-O 11.Ng3 Qb6 12.h3 Bxf3 13.Bxf3 Rfd8 14.Be3 Rd7 15.Qe2 Be7
16.Rad1 Bf6 17.Be4 g6 18.Qd2 Rad8 19.a3 Nxe3 20.fxe3 Bxd4 21.Rde1 Bxb2 22.Qf2 Bxa3
23.Bc2 f5 24.Rb1 Rd2 25.Qf4 Bd6 26.Qg5 Be7 27.Qh6 Qc7 28.Nxf5 exf5 29.Bxf5 Qg3
30.Be4 Bd6  0-1

[Event "Canadian Open"]
[Site "Kapuskasing CAN"]
[Date "2003.07.16"]
[Round "6"]
[White "Christiansen,L"]
[Black "Hauchard,A"]
[Result "1/2-1/2"]
[WhiteElo "2545"]
[BlackElo "2496"]

1.c4 c6 2.g3 d5 3.Bg2 Nf6 4.Nf3 Bg4 5.cxd5 Bxf3 6.Bxf3 cxd5 7.Nc3 e6 8.d3 Nc6
9.O-O Be7 10.e4 d4 11.Nb1 Nd7 12.Nd2 O-O 13.Qe2 Nde5 14.a3 Nxf3+ 15.Nxf3 Qd7
16.Bf4 Rfc8 17.Rac1 f6 18.b4 e5 19.Qa2+ Kf8 20.Bd2 Nd8 21.Nh4 Qe6 22.Qb1 Rxc1
23.Rxc1 Rc8 24.Nf5 b5 25.Kg2 Rxc1 26.Qxc1 Qc6 27.Qd1 g6 28.Nh6 Ke8 29.h4 a6
30.h5 Qe6 31.hxg6 hxg6 32.Qc2 Kd7 33.f3 Nc6 34.Ng4 f5 35.Nf2 Nd8 36.exf5 gxf5
37.g4 Nf7 38.gxf5 Qxf5 39.Ng4 Bg5 40.Be1 Nh6 41.Nxh6 Bxh6 42.Bg3  1/2-1/2

[Event "ch-GBR"]
[Site "Edinburgh SCO"]
[Date "2003.07.17"]
[Round "4"]
[White "Ganguly,S"]
[Black "Swathi,G"]
[Result "1/2-1/2"]
[WhiteElo "2536"]
[BlackElo "2299"]

1.c4 c6 2.e4 d5 3.exd5 cxd5 4.d4 Nf6 5.Nc3 e6 6.Nf3 Bb4 7.cxd5 Nxd5 8.Bd2 Nc6
9.Bd3 O-O 10.O-O Be7 11.a3  1/2-1/2

[Event "zt 3.3 w"]
[Site "Yongchuan CHN"]
[Date "2003.07.17"]
[Round "6"]
[White "Gu Xiaobing"]
[Black "Shen Yang"]
[Result "0-1"]
[WhiteElo "2346"]
[BlackElo "2113"]

1.c4 c6 2.e4 d5 3.exd5 cxd5 4.cxd5 Nf6 5.Nc3 Nxd5 6.Nf3 Nc6 7.Bb5 a6 8.Bxc6+ bxc6
9.Qa4 Qd6 10.O-O Rb8 11.d4 f6 12.Ne4 Qc7 13.Bd2 Rxb2 14.Ba5 Qb7 15.Nfd2 Qb5
16.Qa3 Bf5 17.Rab1 Rxb1 18.Rxb1 Qe2 19.Ng3 Qe6 20.Nxf5 Qxf5 21.Qa4 Qc8 22.Bb6 Nc3
23.Qb3 Nxb1 24.Qxb1 Kf7 25.Ne4 Qe6 26.Bc5 g6 27.f3 Bh6 28.Qb7 Be3+ 29.Kh1 Rd8
30.Qb6 Qc4 31.h4 Qf1+ 32.Kh2 Bf4+ 33.Kh3 h5 34.Ng3 Qe1  0-1

[Event "BCSA Open"]
[Site "Batumi GEO"]
[Date "2003.07.20"]
[Round "4"]
[White "Mgeladze,T"]
[Black "Shengelia,D"]
[Result "0-1"]
[WhiteElo "2293"]
[BlackElo "2486"]

1.c4 c6 2.Nf3 d5 3.e3 g6 4.Nc3 Nf6 5.Be2 Bg7 6.O-O O-O 7.d4 Be6 8.cxd5 Nxd5
9.Ne4 Nc7 10.Nc5 Bc8 11.e4 b6 12.Nb3 Nd7 13.Bf4 Bb7 14.Re1 c5 15.Bc4 cxd4
16.Nbxd4 e5 17.Bg5 Bf6 18.Bxf6 Qxf6 19.Nf5 Rad8 20.Nh6+ Kg7 21.Nxf7 Rxf7
22.Bxf7 Kxf7 23.Qc1 Ne6 24.Qh6 Kg8 25.Rad1 Nd4 26.Nxd4 exd4 27.Qc1 Nc5 28.f3 Kg7
29.e5 Qf5 30.b4 Ne6 31.Qa3 a6 32.b5 a5 33.Qe7+ Qf7 34.Qxf7+ Kxf7 35.Kf2 Rd5
36.h4 Bc8 37.g4 Bd7 38.Kg3 Bxb5 39.f4 Ng7 40.Rc1 h5 41.Rc7+ Bd7 42.gxh5 gxh5
43.Kf3 Ne6 44.Ra7 d3 45.Ke4 Rd4+ 46.Ke3 Kg6 47.Rd1 Kf5 48.Rxd3 Rxd3+ 49.Kxd3 Nxf4+
50.Ke3 Be6 51.a3 Kxe5 52.Rg7 Nd5+ 53.Kd3 b5 54.Rg5+ Bf5+ 55.Kd2 Nf6 56.Rg7 Ne4+
57.Ke3 Nd6 58.Re7+ Be6 59.Kd3 Nc4 60.Ra7 a4 61.Kc3 Nxa3 62.Rh7 Nb1+ 63.Kb4 Bc4
64.Rxh5+ Kf4 65.Rg5 a3 66.Rg7 a2 67.Ra7 Kg4 68.Kc5 Kxh4 69.Kd4 Kg5 70.Ke5 Kg4
71.Ke4 Nc3+ 72.Ke3 Na4 73.Rg7+ Kf5 74.Rg1 b4 75.Kd2 b3  0-1

[Event "BCSA Open"]
[Site "Batumi GEO"]
[Date "2003.07.21"]
[Round "5"]
[White "Khmiadashvili,T"]
[Black "Kodua,D"]
[Result "0-1"]
[WhiteElo "2214"]
[BlackElo "2260"]

1.c4 c6 2.d4 d5 3.e3 Nf6 4.Nc3 e6 5.cxd5 exd5 6.Bd3 Bd6 7.h3 O-O 8.Qf3 c5
9.Nge2 Nc6 10.O-O Re8 11.Rd1 Bc7 12.Bf5 c4 13.g4 Bxf5 14.Qxf5 Ne7 15.Qf3 Ng6
16.Qh1 Qd7 17.Nf4 Nxf4 18.exf4 Ne4 19.Qf3 b5 20.Ne2 Qd6 21.Kf1 b4 22.f5 a5
23.Bf4 Qd7 24.a4 bxa3 25.Rxa3 Rab8 26.Bc1 a4 27.Nc3 Bd6 28.Ra2 Rb3 29.Bd2 Bb4
30.Qf4 Bxc3 31.bxc3 Nxc3 32.Bxc3 Rxc3 33.f6 Qe6 34.Qg5 Qxf6 35.Qxd5 Rxh3
36.Re2 Rf8 37.Rde1 Qh4 38.Re3 Rh1+ 39.Ke2 Qxg4+ 40.Kd2 Rxe1 41.Kxe1 Qg1+
42.Ke2 Qc1 43.Qc5 h6 44.d5 Qc2+ 45.Kf1 Rd8 46.Qd4 Qb1+ 47.Kg2 Qb7 48.Re5 Qc7
49.Qe4 Qd7 50.Qxc4 a3 51.Kg3 Qd6 52.f4 Qg6+ 53.Kf3 Ra8 54.Re2 Qh5+ 55.Kf2 Qxe2+
56.Qxe2 a2 57.d6 a1=Q 58.d7 Qa2  0-1

[Event "ch-COL w"]
[Site "Cali COL"]
[Date "2003.07.22"]
[Round "1"]
[White "Palao,M"]
[Black "Rua,N"]
[Result "0-1"]
[WhiteElo "2138"]
[BlackElo "2094"]

1.c4 c6 2.g3 d5 3.Bg2 Nf6 4.Nf3 Bf5 5.cxd5 cxd5 6.d3 Nc6 7.O-O e6 8.Qb3 Qd7
9.Nc3 Be7 10.Rd1 d4 11.Nb5 a6 12.Na3 b5 13.Bf4 Rc8 14.Rdc1 O-O 15.Qd1 Nh5
16.Bg5 Nf6 17.Bf4 Nh5 18.Bd2 Nf6 19.Nh4 Bg4 20.h3 Bh5 21.Nc2 Nd5 22.Nf3 e5
23.Nce1 f5 24.Qb3 Bf7 25.Qd1 e4 26.dxe4 fxe4 27.Nh2 Qf5 28.g4 Qg6 29.e3 dxe3
30.Bxe3 Nxe3 31.fxe3 Bg5 32.Qe2 Bc4 33.Rxc4 bxc4 34.Qxc4+ Kh8 35.Bxe4 Bxe3+
36.Kh1 Qf6 37.Ng2 Nd4 38.Qd3 Rc1+ 39.Rxc1 Bxc1 40.b4 Qf2 41.a4 Ne2  0-1

[Event "ch-NED Open"]
[Site "Dieren NED"]
[Date "2003.07.22"]
[Round "1"]
[White "Van Leent,D"]
[Black "Van Run,J"]
[Result "1-0"]
[WhiteElo "2208"]
[BlackElo "2059"]

1.c4 c6 2.g3 Nf6 3.Bg2 g6 4.Nf3 Bg7 5.O-O Na6 6.Nc3 O-O 7.d4 d5 8.cxd5 cxd5
9.Ne5 b6 10.Qa4 Bb7 11.Bg5 Nb8 12.Rac1 Ne4 13.Nxe4 dxe4 14.Be3 Qe8 15.Qb3 Qd8
16.f3 exf3 17.Bxf3 Bxf3 18.Rxf3 Bxe5 19.dxe5 e6 20.Bh6 Na6 21.Bxf8 Qxf8 22.Rcf1 Qc5+
23.R1f2 Rf8 24.Qa4 Qc8 25.Qa3 Qb7 26.Qd6 Nc5 27.Qd4 Ne4 28.Rg2 Qc6 29.g4 Ng5
30.Re3 Qc1+ 31.Kf2 h6 32.h4 Nh7 33.g5 h5 34.Rg1 Qc6 35.Rc3 Qb5 36.Rc7 Qa5
37.a3 Kg7 38.Rd1 Qb5 39.Qb4  1-0

[Event "ch-GBR"]
[Site "Edinburgh SCO"]
[Date "2003.07.22"]
[Round "8"]
[White "Grant,J"]
[Black "Adams,D"]
[Result "1-0"]
[WhiteElo "2271"]
[BlackElo "2172"]

1.c4 c6 2.Nc3 d5 3.d4 dxc4 4.e4 b5 5.a4 b4 6.Nb1 Nf6 7.f3 Ba6 8.Be3 c5 9.dxc5 Qxd1+
10.Kxd1 Nc6 11.Nd2 Rd8 12.Kc2 Na5 13.Nh3 g6 14.Rc1 Nd7 15.Kb1 Ne5 16.Nf2 Bg7
17.f4 Nd3 18.Bxd3 cxd3 19.c6 Rd6 20.c7 Kd7 21.Bxa7 Rc6 22.Rc5 Rxc5 23.Bxc5 Nc6
24.Rc1 Rc8 25.Nb3 Rxc7 26.Bb6 Rb7 27.Nc5+ Kd6 28.e5+ Kd5 29.Nxb7 Bxb7 30.Rc5+ Ke6
31.Nxd3 Nd4 32.Rc4 Nb3 33.Rxb4  1-0

[Event "KB Czech Open"]
[Site "Pardubice CZE"]
[Date "2003.07.22"]
[Round "5"]
[White "Gutman,G"]
[Black "Shanava,K"]
[Result "1-0"]
[WhiteElo "2513"]
[BlackElo "2415"]

1.c4 c6 2.e4 d5 3.exd5 cxd5 4.d4 Nf6 5.Nc3 e6 6.Nf3 Bb4 7.cxd5 Nxd5 8.Bd2 Nc6
9.Bd3 Be7 10.O-O O-O 11.a3 Bf6 12.Qc2 g6 13.Bh6 Re8 14.Rad1 Nxc3 15.bxc3 b6
16.Ne5 Nxe5 17.dxe5 Bxe5 18.Bb5 Qh4 19.g3 Qxh6 20.Bxe8 Ba6 21.Bxf7+ Kxf7
22.Rfe1 Bf6 23.Qa4  1-0

[Event "KB Czech Open"]
[Site "Pardubice CZE"]
[Date "2003.07.22"]
[Round "5"]
[White "Volke,K"]
[Black "Burmakin,V"]
[Result "1/2-1/2"]
[WhiteElo "2477"]
[BlackElo "2575"]

1.c4 c6 2.d4 d5 3.Nf3 Nf6 4.Nc3 a6 5.c5 Nbd7 6.Bf4 Nh5 7.e3 g6 8.Bd3 Bg7
9.O-O O-O 10.Bg5 Re8 11.e4 dxe4 12.Bxe4 Nhf6 13.Bc2 Nf8 14.h3 Be6 15.Qd2 Nd5
16.Rfe1 Qc7 17.Nxd5 Bxd5 18.Bf4 Qd8 19.Ne5 Ne6 20.Bg3 a5 21.Ba4 b5 22.Bc2 a4
23.a3 Nf8 24.Qc3 Nd7 25.Nd3 Nf6 26.Nb4 Qd7 27.Be5 Bc4 28.Qf3 Nd5 29.Bxg7 Kxg7
30.Be4 Nxb4 31.axb4 Rab8 32.Rad1 e6 33.Bb1 Red8 34.h4 Qe7 35.Qf4 Qf6 36.Qxf6+ Kxf6
37.f4 h5 38.Kf2 Bd5 39.g3 Ra8 40.Re3 Ra7 41.Bc2 Rdd7 42.Ra3 Kg7 43.Ke3 Bc4
44.Be4 Rac7 45.Raa1 Bd5 46.Bc2 Re7 47.Rg1 Re8 48.Kd2 Ree7 49.Kc3 Kf6 50.Rge1 Red7
51.Red1 Ke7 52.Rd2  1/2-1/2

[Event "ch-NED Open"]
[Site "Dieren NED"]
[Date "2003.07.24"]
[Round "3"]
[White "Van Leent,D"]
[Black "Willemze,J"]
[Result "1/2-1/2"]
[WhiteElo "2208"]
[BlackElo "2327"]

1.c4 c6 2.g3 d5 3.Bg2 e5 4.cxd5 cxd5 5.Qb3 Nf6 6.d4 exd4 7.Bg5 Qa5+ 8.Bd2 Qb6
9.Qxb6 axb6 10.Nf3 Nc6 11.O-O g6 12.Bf4 Bg7 13.Na3 O-O 14.Nb5 Nh5 15.Bd6 Rd8
16.Bc7 Re8 17.Rfe1 d3 18.exd3 Rxe1+ 19.Rxe1 Bd7 20.Nd6 h6 21.Bxb6 Rxa2 22.b3 Nb4  1/2-1/2

[Event "ch-NED Open"]
[Site "Dieren NED"]
[Date "2003.07.25"]
[Round "4"]
[White "Van der Elburg,F"]
[Black "Diepeveen,V"]
[Result "1/2-1/2"]
[WhiteElo "2228"]
[BlackElo "2310"]

1.c4 c6 2.b3 d5 3.Bb2 Nf6 4.g3 Bf5 5.Bg2 e6 6.Nf3 Nbd7 7.O-O Be7 8.d3 O-O
9.Nbd2 a5 10.a3 Bg6 11.Qc2 Re8 12.Bc3 Bf8 13.Qb2 b5 14.cxb5 cxb5 15.b4 axb4
16.axb4 Nb6 17.Rxa8 Qxa8 18.Ra1 Na4 19.Qa3 Nd7 20.Nd4 Ndb6 21.Bb2 Nxb2 22.Qxb2 Na4
23.Qa3 Qa6 24.N2b3  1/2-1/2

[Event "3rd Savaria Summer Open"]
[Site "Szombathely HUN"]
[Date "2003.07.26"]
[Round "8"]
[White "Krumphals,F"]
[Black "Pataki,G"]
[Result "1/2-1/2"]
[WhiteElo "2171"]
[BlackElo "2366"]

1.c4 c6 2.Nf3 Nf6 3.b3 d5 4.Bb2 Bg4 5.e3 Nbd7 6.h3 Bxf3 7.Qxf3 e5 8.cxd5 cxd5
9.Bb5 Bd6 10.Nc3 e4 11.Qf5 a6 12.Bxd7+ Qxd7 13.Qg5 Be7 14.Na4 Qe6 15.Rc1 O-O
16.Nc5 Bxc5 17.Rxc5 Rfc8 18.Bxf6 Qxf6 19.Qxf6 gxf6 20.Rxc8+ Rxc8 21.Ke2  1/2-1/2

[Event "Futurity"]
[Site "Kitchener CAN"]
[Date "2003.07.27"]
[Round "4"]
[White "Stevens,C"]
[Black "Porper,E"]
[Result "1/2-1/2"]
[WhiteElo "2219"]
[BlackElo "2435"]

1.c4 c6 2.d4 d5 3.e3 Nf6 4.Nc3 a6 5.Qc2 e6 6.Nf3 Nbd7 7.b3 Bd6 8.Be2 O-O
9.O-O Re8 10.Bb2 e5 11.cxd5 cxd5 12.dxe5 Nxe5 13.Rad1 Qc7 14.h3 Nxf3+ 15.Bxf3 Re5
16.Qc1 Be6 17.Ne2 Qxc1 18.Rxc1 Rg5 19.Bxf6 gxf6 20.h4 Re5 21.Rfd1 Rd8 22.g3 Bb8
23.Nf4 Kf8 24.Rd3 Bf5 25.Rxd5 Rexd5 26.Nxd5 Be5 27.Nb6  1/2-1/2

[Event "6th Magistral"]
[Site "Vicente Lopez ARG"]
[Date "2003.07.27"]
[Round "4"]
[White "Slipak,S"]
[Black "Valerga,D"]
[Result "1/2-1/2"]
[WhiteElo "2497"]
[BlackElo "2496"]

1.c4 c6 2.d4 d5 3.Nf3 Nf6 4.Nc3 e6 5.Bg5 h6 6.Bxf6 Qxf6 7.e3 Nd7 8.Bd3 dxc4
9.Bxc4 g6 10.O-O Bg7 11.Bb3 O-O 12.Rc1 Qe7 13.Re1 Rd8 14.h4 b6 15.h5 g5 16.e4 Bb7
17.Qe2 c5 18.d5 Bxc3 19.bxc3 exd5 20.Bxd5 Bxd5 21.exd5 Qxe2 22.Rxe2 Re8 23.Kf1 Nf6
24.c4 Nxh5 25.g3 Ng7 26.Ne5 Nf5 27.Nc6 Nd6 28.a4 Rxe2 29.Kxe2 Kg7 30.Kd3 h5
31.f4 gxf4 32.gxf4 Kf6 33.Rh1 Rg8 34.Rxh5 Rg3+ 35.Ke2 Nxc4 36.Nxa7 Kg6 37.Rh1 Re3+
38.Kf2 Rd3 39.Nc8 Rd4 40.Kf3 Rd3+  1/2-1/2

[Event "ch-NED Open"]
[Site "Dieren NED"]
[Date "2003.07.28"]
[Round "6"]
[White "Compagnie,L"]
[Black "Diepeveen,V"]
[Result "1/2-1/2"]
[WhiteElo "2197"]
[BlackElo "2310"]

1.c4 c6 2.g3 d5 3.Bg2 Nf6 4.Nf3 Bf5 5.cxd5 cxd5 6.Qb3 Qb6 7.Qxb6 axb6 8.Nc3 e6
9.d3 Nc6 10.Nb5 Bb4+ 11.Bd2 O-O 12.a3 Be7 13.O-O e5 14.Rfe1 Rad8 15.Be3 d4
16.Bg5 h6 17.Bxf6 Bxf6 18.Nd2 Be6 19.Rec1 Bg5 20.Rc2 Bxd2 21.Rxd2 Na5 22.Rc2 Bb3
23.Rc7 Ba4 24.b4 Nc6 25.Bxc6 bxc6 26.Na7 c5 27.bxc5 bxc5 28.Rxc5 Ra8 29.Nc6 f6
30.Rb1 Bxc6 31.Rxc6 Rf7 32.Rb3 Rfa7  1/2-1/2

[Event "Open"]
[Site "Olomouc CZE"]
[Date "2003.08.03"]
[Round "5"]
[White "Shushpanov,V"]
[Black "Shanava,K"]
[Result "1/2-1/2"]
[WhiteElo "2395"]
[BlackElo "2415"]

1.c4 c6 2.e4 d5 3.cxd5 cxd5 4.exd5 Nf6 5.Bb5+ Nbd7 6.Nc3 g6 7.d4 Bg7 8.d6 e6
9.Nf3 O-O 10.O-O Nb6 11.Bf4 Nh5 12.Be5 f6 13.Bg3 Nxg3 14.hxg3 Qxd6  1/2-1/2

[Event "3rd Open"]
[Site "Plancoet FRA"]
[Date "2003.08.03"]
[Round "9"]
[White "Komljenovic,D"]
[Black "Coursaget,N"]
[Result "1-0"]
[WhiteElo "2434"]
[BlackElo "2226"]

1.c4 c6 2.d4 d5 3.Nf3 Nf6 4.Nc3 e6 5.Bg5 h6 6.Bh4 dxc4 7.e4 g5 8.Bg3 b5 9.Be2 Nbd7
10.O-O Bb7 11.Qc2 Rg8 12.Rad1 Qb6 13.b3 cxb3 14.axb3 Bb4 15.e5 Bxc3 16.exf6 Bb4
17.Ne5 Nxf6 18.f4 Be7 19.fxg5 hxg5 20.Nxf7 c5 21.Rxf6 Bxf6 22.Nd6+ Ke7 23.dxc5 Qa6
24.Nxb7 Qxb7 25.Bf3 Qc8 26.Bd6+ Ke8 27.Bh5+ Kd8 28.c6 Rg7 29.c7+ Kd7 30.Be5+ Ke7
31.Qc5+  1-0

[Event "6th Magistral"]
[Site "Vicente Lopez ARG"]
[Date "2003.08.04"]
[Round "11"]
[White "Scarella,E"]
[Black "De Dovitiis,A"]
[Result "1/2-1/2"]
[WhiteElo "2374"]
[BlackElo "2401"]

1.c4 c6 2.d4 d5 3.cxd5 cxd5 4.Nc3 Nc6 5.Nf3 Nf6 6.Bf4 Bf5 7.e3 e6 8.Bb5 Bd6
9.Bxd6 Qxd6 10.O-O O-O 11.Bxc6 Qxc6  1/2-1/2

[Event "Ron Banwell Masters"]
[Site "Blackpool ENG"]
[Date "2003.08.05"]
[Round "3"]
[White "Lund,B"]
[Black "Sundararajan,K"]
[Result "0-1"]
[WhiteElo "2248"]
[BlackElo "2442"]

1.c4 c6 2.g3 d5 3.Bg2 Nf6 4.Nf3 dxc4 5.Qc2 Be6 6.Ng5 Bd5 7.e4 h6 8.Nh3 Be6
9.Nf4 Bc8 10.Qxc4 e5 11.Nd3 Bd6 12.Qc3 O-O 13.b3 c5 14.Na3 Nc6 15.Nc4 Re8
16.a4 Nd4 17.f3 b6 18.Ba3 Bc7 19.Kf2 Ba6 20.Ncb2 Nxb3 21.Qxb3 Qd4+ 22.Ke1 Red8
23.Bf1 c4 24.Qc3 cxd3 25.Qxd4 Rxd4 26.Rc1 Bd6 27.Bxd6 Rxd6 28.Rc3 Rad8 29.Kf2 Nd7
30.Ke3 Nc5 31.Bh3 Rd4 32.Ra1 Rb4 33.Ra2 Rxb2 34.Rxb2 Nxa4 35.Ra2 Nxc3 36.Rxa6 Nd1+  0-1

[Event "FSGM August"]
[Site "Budapest HUN"]
[Date "2003.08.06"]
[Round "5"]
[White "Barkhagen,J"]
[Black "Woodward,T"]
[Result "1/2-1/2"]
[WhiteElo "2490"]
[BlackElo "2285"]

1.c4 c6 2.Nf3 d5 3.e3 Nf6 4.b3 Bf5 5.Be2 h6 6.O-O e6 7.d4 Bd6 8.Ba3 Bxa3
9.Nxa3 Qe7 10.Nb1 Nbd7 11.Nc3 O-O 12.cxd5 exd5 13.Qc1 Ne4 14.Qb2 Rfe8 15.b4 Rac8
16.Rac1 a6 17.a4 Nb6 18.a5 Nxc3 19.Qxc3 Nd7 20.Nd2 Qg5 21.Rfe1 h5 22.Bf1 h4
23.Nb3 Re6 24.Nc5 Nxc5 25.bxc5 Be4 26.f4 Qg4 27.Qd2 h3 28.Qe2 Qxe2 29.Rxe2 hxg2
30.Bxg2 Rg6 31.Rc3 f5 32.Kf1 Bxg2+ 33.Rxg2 Rxg2 34.Kxg2 g6 35.Rb3 Rc7  1/2-1/2

[Event "Open"]
[Site "Olomouc CZE"]
[Date "2003.08.06"]
[Round "8"]
[White "Sikora Lerch,J"]
[Black "Kireev,A"]
[Result "1/2-1/2"]
[WhiteElo "2324"]
[BlackElo "2276"]

1.c4 c6 2.g3 g6 3.Bg2 Bg7 4.Nc3 d6 5.d3 e5 6.f4 f5 7.Nf3 Nd7 8.e4 Nh6 9.Qe2 O-O
10.fxe5 Nxe5 11.Nxe5 dxe5 12.O-O Nf7 13.exf5 gxf5 14.Be3 Qf6 15.Rad1 Qg6
16.Kh1 Ng5 17.Qd2  1/2-1/2

[Event "ch-BAR"]
[Site "St Michael BAR"]
[Date "2003.08.06"]
[Round "9"]
[White "Halliday,L"]
[Black "Warner,D"]
[Result "0-1"]
[WhiteElo "2104"]
[BlackElo "2248"]

1.c4 c6 2.Nf3 d5 3.b3 Bg4 4.Bb2 Nd7 5.d3 Bxf3 6.exf3 Ngf6 7.d4 e6 8.Bd3 Qa5+
9.Nc3 Ba3 10.Qc1 Bxb2 11.Qxb2 c5 12.O-O cxd4 13.Nb5 e5 14.b4 Qd8 15.Nd6+ Kf8
16.cxd5 Nxd5 17.Qb3 N7f6 18.Nc4 Qc7 19.Rfe1 Re8 20.Rac1 Nc3 21.Nd2 Nfd5 22.Bc4 Nb6
23.Bb5 Rc8 24.Ne4 Nbd5 25.Bf1 Nf4 26.Nxc3 dxc3 27.g3 Ne6 28.Qd5 Nd4 29.Rxe5 Qxe5
30.Qxb7 Re8 31.Bc4 Ne2+ 32.Kg2 Qe7  0-1

[Event "WYol u16"]
[Site "Denizli TUR"]
[Date "2003.08.09"]
[Round "8"]
[White "Akshayraj,K"]
[Black "Tanrikulu,E"]
[Result "1-0"]
[WhiteElo "2300"]
[BlackElo "2043"]

1.c4 c6 2.e4 d5 3.cxd5 cxd5 4.exd5 Nf6 5.Nc3 Nxd5 6.Nf3 e6 7.d4 Be7 8.Bd3 O-O
9.O-O b6 10.Re1 Bb7 11.Bc2 Nxc3 12.bxc3 Bf6 13.Qd3 g6 14.Bh6 Bg7 15.Bxg7 Kxg7
16.Re3 Nd7 17.Rae1 Rc8 18.Bb3 Bxf3 19.Rxf3 Nf6 20.Qe3 Qd6 21.Qg5 Nd5 22.c4 h6
23.Qh4 g5 24.Qe4 Nf6 25.Qd3 Rcd8 26.d5 e5 27.Qc3 Rfe8 28.h4 gxh4 29.Rh3 Re7
30.Rxh4 Rh8 31.Rh3 Kf8 32.Qd2 Nd7 33.Re4 f5 34.Reh4 f4 35.Qc3 Rg7 36.Bc2 Qf6
37.Rh5 Ke8 38.Ba4 Re7 39.d6 Re6 40.c5 bxc5 41.Qxc5 Rxd6 42.Rxe5+ Kd8 43.Bxd7 Kxd7
44.Qxa7+ Kd8 45.Qa5+ Kd7 46.Rb3  1-0

[Event "11th GM"]
[Site "Lippstadt GER"]
[Date "2003.08.09"]
[Round "3"]
[White "Wehmeier,S"]
[Black "Brenke,A"]
[Result "1/2-1/2"]
[WhiteElo "2350"]
[BlackElo "2404"]

1.c4 c6 2.Nf3 d5 3.d4 Nf6 4.cxd5 cxd5 5.Nc3 Nc6 6.Bf4 Bf5 7.e3 e6 8.Bd3 Bxd3
9.Qxd3 Bd6 10.Bxd6 Qxd6 11.O-O O-O 12.Rfc1 Rac8  1/2-1/2

[Event "IM"]
[Site "Niederbronn FRA"]
[Date "2003.08.09"]
[Round "8"]
[White "Aguettaz,M"]
[Black "Keitlinghaus,L"]
[Result "0-1"]
[WhiteElo "2303"]
[BlackElo "2506"]

1.c4 c6 2.Nf3 d5 3.e3 Nf6 4.b3 Bg4 5.Bb2 e6 6.Be2 Nbd7 7.d3 Bd6 8.Nbd2 Qe7
9.a3 a5 10.Nd4 Bxe2 11.Qxe2 O-O 12.g4 Be5 13.g5 Ne8 14.cxd5 cxd5 15.h4 Nd6
16.Qg4 Nf5 17.N2f3 Bxd4 18.Nxd4 Ne5 19.Qe2 Nxd4 20.Bxd4 Nc6 21.Bb2 e5 22.Rg1 Ra6
23.Rc1 Rb6 24.Qc2 Qe6 25.Qd1 d4 26.Rc4 Rd8 27.e4 Rf8 28.h5 f5 29.gxf6 Qxf6
30.Rg2 Qf3 31.Qxf3 Rxf3 32.Ke2 Rh3 33.b4 axb4 34.axb4 Rxb4 35.Rxb4 Nxb4 36.f3 Nc6
37.Bc1 Rxh5 38.f4 exf4 39.Bxf4 Nd8 40.Kf3 Rb5 41.e5 Ne6 42.Ke4 Kf7 43.Bh2 h5
44.Rf2+ Ke7 45.Kf5 Rb3 46.Kg6 Rxd3 47.Rf7+ Ke8 48.Rxb7 Rf3  0-1

[Event "ch-BAR"]
[Site "St Michael BAR"]
[Date "2003.08.11"]
[Round "11"]
[White "Halliday,L"]
[Black "Yarde,N"]
[Result "0-1"]
[WhiteElo "2104"]
[BlackElo "1932"]

1.c4 c6 2.Nf3 d5 3.b3 Nf6 4.Bb2 e6 5.g3 Nbd7 6.Bg2 Be7 7.O-O b6 8.d3 Bb7
9.Nbd2 c5 10.cxd5 exd5 11.d4 O-O 12.Rc1 Rc8 13.Rc2 Rc7 14.Qa1 Qa8 15.dxc5 Rxc5
16.Rcc1 Rfc8 17.Rcd1 R5c7 18.Nd4 Bf8 19.Rfe1 Re8 20.e3 a6 21.a3 g6 22.N2f3 Ne4
23.Ne2 Nec5 24.Ned4 Rcc8 25.Bh3 Rcd8 26.Qa2 Bg7 27.b4 Ne6 28.Qb3 Nxd4 29.Bxd4 Ne5
30.Nxe5 Bxe5 31.Bxe5 Rxe5 32.Rd4 Qb8 33.Red1 Qc7 34.Bg2 b5 35.f4 Re7 36.e4 Qb6
37.Kh1 Rde8 38.e5 Rc8 39.Bxd5 Bxd5+ 40.Qxd5 Rec7 41.Qd6 Qb7+ 42.Qd5 Qb6 43.g4 Kg7
44.Qe4 Rc1 45.Qd3  0-1

[Event "North Ural Cup"]
[Site "Krasnoturinsk RUS"]
[Date "2003.08.14"]
[Round "6"]
[White "Stefanova,A"]
[Black "Zhukova,N"]
[Result "0-1"]
[WhiteElo "2503"]
[BlackElo "2439"]

1.c4 c6 2.g3 d5 3.Bg2 Nf6 4.Nf3 Bf5 5.cxd5 cxd5 6.Qb3 Qb6 7.Qxb6 axb6 8.Nc3 Nc6
9.d3 e6 10.Nb5 Bb4+ 11.Bd2 Ke7 12.Nfd4 Bxd2+ 13.Kxd2 Bg6 14.f4 Ra4 15.e3 h6
16.a3 Bh7 17.Rhf1 Raa8 18.h3 Rhc8 19.g4 Nd7 20.f5 Bg8 21.h4 Nce5 22.g5 Nc5
23.b4 Ncxd3 24.Rab1 Nb2 25.Rxb2 Nc4+ 26.Kc3 Nxe3+ 27.Kd3 Nxf1 28.Bxf1 hxg5
29.hxg5 e5 30.f6+ gxf6 31.gxf6+ Kxf6 32.Rf2+ Ke7 33.Nf5+ Kf8 34.Ne3 Bh7+
35.Kd2 Rc6 36.Bd3 e4 37.Bb1 d4 38.Nxd4 Rd8 39.Nc2 Rxc2+ 40.Bxc2 Rxd4+ 41.Ke3 Rc4
42.b5 Rc3+ 43.Kd4 Rxa3 44.Re2 Ra2 45.Ke3 Rb2 46.Rh2 Bg6 47.Rh8+ Kg7 48.Rc8 Rxb5
49.Re8 f5 50.Re7+ Kf6 51.Rxb7 Kg5 52.Kd4 Rc5 53.Ba4 Ra5 54.Bc6 Ra3 55.Rxb6 Rd3+
56.Ke5 e3 57.Rb1 Bh5 58.Rg1+ Bg4 59.Bf3 e2 60.Bxg4 fxg4 61.Re1 Re3+ 62.Kd4 Kf4  0-1